| 000 | 01139cam a22002295a 4500 | ||
|---|---|---|---|
| 001 | L156659 | ||
| 008 | 120618s2006 xxk f 000 0 eng d | ||
| 020 | _a9781591398622 | ||
| 035 | _a(Sirsi) u156659 | ||
| 041 | 0 | _aeng | |
| 050 | 0 | 4 | _a658.4 $2 18 |
| 100 | 1 | _aPfeffer, Jeffrey | |
| 245 | 0 | 0 |
_aHard facts, dangerous half-truths, and total nonsense _bprofiting from evidence-based management |
| 260 |
_a Boston _b Harvard Business School Press _c2006. |
||
| 300 |
_ax, 276 p. _bill. _c 25 cm. |
||
| 505 | 2 | _aWhy every company needs evidence-based management -- How to practice evidence-based management -- Is work fundamentally different from the rest of life and should it be? -- Do the best organizations have the best people? -- Do financial incentives drive company performers? -- Strategy is destiny? -- Change or die? -- Are great leaders in control of their companies? -- Profiting from evidence-based management. | |
| 520 | _aThis book is about evidence based management and its applications in business. | ||
| 651 | 4 | _aENGLAND AND WALES | |
| 690 | _aBusiness and management | ||
| 700 | 1 | _aSutton, Robert I. | |
| 942 | _n0 | ||
| 999 |
_c114351 _d114351 |
||